000 00658nam a2200181 a 4500
001 BRCA_1740
005 20190320203529.0
008 130508s1991----mx-a---###---#000-0#spa-#
050 4 _aF1391.P8
_b.L43 59
_c1991
100 1 _aMraz, John
_95431
245 1 0 _aImágenes ferrocarrileras
_buna visión poblana
_cJohn Mraz.
260 _aPuebla, México
_bGobierno del Estado de Puebla : Secretaría de Cultura : Comisión Puebla V Centenario
_c1991
300 _a21 p.
_bil.
_c21 cm.
440 0 _aLecturas Históricas de Puebla
_n59
_95432
650 1 4 _aFerrocarriles
_xHistoria
_zPuebla (México)
_95433
651 4 _aPuebla (México)
_xHistoria
_9409
942 _2lcc
_cB
999 _c1524
_d1524